[Event "Sonderjysk EMT Mesterklassen 2015"]
[Site "Vojens"]
[Date "2015.04.27"]
[Round "1"]
[White "Andersen, Helge"]
[Black "Kjaergaard Jensen, Jesper"]
[Result "1/2-1/2"]
[WhiteElo "1981"]
[BlackElo "2052"]
[PlyCount "73"]
[EventDate "2015.??.??"]

1. d4 Nf6 2. c4 d6 3. Nc3 e5 4. d5 Be7 5. e4 O-O 6. Be2 h6 7. f4 exf4 8. Bxf4
Nbd7 9. Nf3 c6 10. dxc6 bxc6 11. Nd4 Qc7 12. Qd2 Ne5 13. O-O Ng6 14. Bg3 Ng4
15. Bxg4 Bxg4 16. h3 Bg5 17. Qd3 Ne5 18. Bxe5 dxe5 19. Nf5 Rad8 20. Qg3 Bxf5
21. exf5 Qb6+ 22. Kh1 Qxb2 23. Ne4 Bf4 24. Qg4 Qd4 25. f6 g6 26. Rae1 h5 27.
Qh4 Bh6 28. g4 Be3 29. gxh5 g5 30. Qg4 Kh8 31. Rxe3 Qxe3 32. Nxg5 Rd4 33. Nxf7+
Rxf7 34. Qc8+ Kh7 35. Qf5+ Kh8 36. Qc8+ Kh7 37. Qf5+ 1/2-1/2

[Event "Sonderjysk EMT Mesterklassen 2015"]
[Site "Vojens"]
[Date "2015.04.27"]
[Round "1"]
[White "Hermannsen, Allan Schmidt"]
[Black "Murtuzov, Mubariz"]
[Result "1-0"]
[WhiteElo "2055"]
[BlackElo "2007"]
[PlyCount "51"]
[EventDate "2015.??.??"]

1. e4 e6 2. d4 d5 3. Nd2 Nf6 4. e5 Nfd7 5. f4 c5 6. c3 Nc6 7. Ndf3 Qb6 8. g3
cxd4 9. cxd4 Bb4+ 10. Kf2 g5 11. Be3 f6 12. Bh3 fxe5 13. fxe5 Rf8 14. Kg2 Ndxe5
15. Bxg5 Nc4 16. Qd3 Be7 17. b3 Bxg5 18. Nxg5 Nxd4 19. Re1 Nxb3 20. N1f3 Nc5
21. Qxd5 Qb2+ 22. Kg1 Qb4 23. Nxe6 Bxe6 24. Bxe6 Qxe1+ 25. Nxe1 Ne3 26. Qh5+
1-0

[Event "Sonderjysk EMT Mesterklassen 2015"]
[Site "Vojens"]
[Date "2015.05.28"]
[Round "1"]
[White "Hye, Allan"]
[Black "Brautsch, Soren"]
[Result "0-1"]
[WhiteElo "1961"]
[BlackElo "2242"]
[PlyCount "66"]
[EventDate "2015.??.??"]

1. d4 d5 2. c4 c6 3. Nf3 Nf6 4. e3 e6 5. b3 Bd6 6. Bd3 O-O 7. O-O Nbd7 8. Bb2
Ne4 9. Qc2 f5 10. Ne5 Qh4 11. Nd2 Rf6 12. f4 Rh6 13. Ndf3 Qh5 14. a4 Ndf6 15.
Rfe1 Bb4 16. Re2 Ng4 17. h3 Ng3 18. hxg4 Nxe2+ 19. Bxe2 fxg4 20. Ng5 Qh1+ 21.
Kf2 Qh4+ 22. Kf1 Qh1+ 23. Kf2 Be1+ 24. Rxe1 Qh4+ 25. Kf1 Qg3 26. Qxh7+ Rxh7 27.
Nxh7 Kxh7 28. Bxg4 b5 29. axb5 cxb5 30. c5 b4 31. Be2 a5 32. Bd3+ Kg8 33. Kg1
Qxe1+ 0-1

[Event "Sonderjysk EMT Mesterklassen 2015"]
[Site "Vojens"]
[Date "2015.04.27"]
[Round "1"]
[White "Murtuzov, Rauf"]
[Black "Bjornskov, Kai Christian"]
[Result "1/2-1/2"]
[WhiteElo "2107"]
[BlackElo "2080"]
[PlyCount "180"]
[EventDate "2015.??.??"]

1. e4 c5 2. d4 cxd4 3. c3 dxc3 4. Nxc3 d6 5. Nf3 Nc6 6. Bc4 e6 7. O-O Be7 8.
Re1 Nf6 9. Bf4 O-O 10. Qe2 a6 11. Rad1 Qc7 12. Rc1 Qa5 13. Red1 b5 14. Bb3 b4
15. Na4 Ne5 16. Nxe5 dxe5 17. Be3 Rb8 18. Bc5 Bxc5 19. Rxc5 Rb5 20. Rc4 Bd7 21.
Qe3 Rbb8 22. Rc5 Bb5 23. Qe1 Rbd8 24. a3 Rxd1 25. Bxd1 Qd8 26. axb4 Qd4 27. Bc2
Rd8 28. g3 g6 29. Qc3 Nxe4 30. Qxd4 exd4 31. Bxe4 Bxa4 32. Bd3 Rb8 33. Rc4 e5
34. Rc5 f6 35. Bxa6 Rxb4 36. Rc4 Rxc4 37. Bxc4+ Kf8 38. b4 Ke7 39. f3 Kd6 40.
Kf2 f5 41. Bg8 e4 42. fxe4 fxe4 43. Bxh7 e3+ 44. Ke2 Bb5+ 45. Kf3 Bd7 46. Bxg6
Bg4+ 47. Kg2 Be2 48. Be4 Ke5 49. Bf3 d3 50. b5 Kd4 51. b6 Bxf3+ 52. Kxf3 e2 53.
Kf2 Kc3 54. b7 e1=Q+ 55. Kxe1 Kc2 56. b8=Q d2+ 57. Kf2 d1=Q 58. Qc7+ Kb3 59.
Qc5 Ka4 60. Qc4+ Ka5 61. Qc3+ Ka6 62. Qa3+ Kb6 63. Qb2+ Ka5 64. Qe5+ Kb6 65.
Qe3+ Kc7 66. h4 Qc2+ 67. Qe2 Qf5+ 68. Kg2 Qd5+ 69. Qf3 Qd2+ 70. Kh3 Qd7+ 71. g4
Qb5 72. h5 Kd6 73. Qg3+ Ke6 74. g5 Qf1+ 75. Kh4 Kf7 76. g6+ Kg7 77. Qe5+ Kg8
78. Qe6+ Kh8 79. Kg5 Qd1 80. Kf6 Qd8+ 81. Kf5 Qd3+ 82. Kf6 Qf3+ 83. Kg5 Qg3+
84. Kf6 Qf4+ 85. Qf5 Qd6+ 86. Kf7 Qd7+ 87. Kf6 Qd6+ 88. Kg5 Qg3+ 89. Kh6 Qe3+
90. Qg5 Qd4 1/2-1/2

[Event "Sonderjysk EMT Mesterklassen 2015"]
[Site "Vojens"]
[Date "2015.05.04"]
[Round "2"]
[White "Bjornskov, Kai Christian"]
[Black "Andersen, Helge"]
[Result "1/2-1/2"]
[WhiteElo "2080"]
[BlackElo "1981"]
[PlyCount "62"]
[EventDate "2015.??.??"]

1. c4 c5 2. Nf3 Nc6 3. Nc3 Nf6 4. g3 g6 5. Bg2 Bg7 6. O-O O-O 7. d4 cxd4 8.
Nxd4 a6 9. h3 Qc7 10. Nb3 d6 11. Bg5 Be6 12. Nd5 Bxd5 13. cxd5 Ne5 14. Rc1 Qd8
15. Qd2 Rc8 16. Qb4 b5 17. Na5 Qb6 18. Be3 Qb8 19. b3 Rxc1 20. Rxc1 Rc8 21. Nc6
Nxc6 22. dxc6 Ne8 23. Qe4 e6 24. a4 d5 25. Qc2 Qd6 26. Bb6 b4 27. e4 Bc3 28.
exd5 exd5 29. a5 Qxc6 30. Qd3 Nf6 31. Rd1 Qb7 1/2-1/2

[Event "Sonderjysk EMT Mesterklassen 2015"]
[Site "Vojens"]
[Date "2015.05.04"]
[Round "2"]
[White "Brautsch, Soren"]
[Black "Kjaergaard Jensen, Jesper"]
[Result "1-0"]
[WhiteElo "2242"]
[BlackElo "2052"]
[PlyCount "115"]
[EventDate "2015.??.??"]

1. e4 d5 2. exd5 Qxd5 3. Nc3 Qa5 4. b4 Qxb4 5. Rb1 Qd6 6. d4 c6 7. Nf3 Nf6 8.
Bd3 g6 9. O-O Bg7 10. Re1 O-O 11. Rb3 Re8 12. Ba3 Qd8 13. Ne4 h6 14. c4 Nbd7
15. Ng3 b6 16. Qc2 Nf8 17. h4 Ng4 18. h5 g5 19. Bf5 Bd7 20. Bb2 Nf6 21. Bxd7
N8xd7 22. Nf5 Bf8 23. Ne5 e6 24. Nxh6+ Bxh6 25. Nxf7 Kxf7 26. Qg6+ Ke7 27. Qxh6
Kd6 28. Qxg5 Kc7 29. Rbe3 Rg8 30. Qf4+ Kb7 31. Rxe6 Qc7 32. Qxc7+ Kxc7 33. d5
cxd5 34. Bxf6 dxc4 35. Bc3 Nc5 36. Re7+ Kc6 37. h6 a5 38. h7 Rgf8 39. Rg7 b5
40. Rg6+ Kd7 41. Re5 Na4 42. Rd5+ Ke7 43. h8=Q Rxh8 44. Bxh8 Rxh8 45. Rxb5 Ra8
46. Rb7+ Kf8 47. Rc6 c3 48. Rc4 Rd8 49. Rbc7 Rd1+ 50. Kh2 Nb6 51. Rxc3 Nd5 52.
Rf3+ Ke8 53. Ra7 Rd4 54. Rh3 Ne7 55. Rh8+ Kf7 56. Rh7+ Kf6 57. Rhxe7 Rh4+ 58.
Kg3 1-0

[Event "Sonderjysk EMT Mesterklassen 2015"]
[Site "Vojens"]
[Date "2015.05.04"]
[Round "2"]
[White "Hye, Allan"]
[Black "Hermannsen, Allan Schmidt"]
[Result "1-0"]
[WhiteElo "1961"]
[BlackElo "2055"]
[PlyCount "127"]
[EventDate "2015.??.??"]

1. Nf3 c5 2. c4 Nf6 3. g3 d5 4. cxd5 Nxd5 5. Qa4+ Nc6 6. Ne5 Qc7 7. f4 e6 8.
Bg2 Nb6 9. Bxc6+ bxc6 10. Qe4 Nd5 11. Na3 Be7 12. O-O O-O 13. Nac4 a5 14. a4
Rb8 15. Ra3 f6 16. Nf3 Bd7 17. Qc2 Rfd8 18. Nh4 Be8 19. h3 Bf7 20. Raf3 Nb4 21.
Qc3 Rd7 22. b3 Rbd8 23. Bb2 Bf8 24. Ng2 Ra8 25. Ba1 Bg6 26. d3 Qb8 27. g4 Nd5
28. Qd2 Qxb3 29. f5 exf5 30. gxf5 Bh5 31. Rg3 Qb8 32. Qe1 Qd8 33. e4 Nb4 34.
Nf4 Bf7 35. Ne6 Bxe6 36. fxe6 Rxd3 37. Bxf6 Qc7 38. e5 Rxg3+ 39. Qxg3 g6 40.
Qg5 Re8 41. Qg4 Nd5 42. h4 Ne7 43. Nd6 Rb8 44. h5 Rb4 45. Qg5 Nd5 46. Bd8 Qg7
47. Ne8 Qh6 48. Qxh6 Bxh6 49. Nf6+ Nxf6 50. exf6 Rg4+ 51. Kh1 Rh4+ 52. Kg2 Rg4+
53. Kh3 Rf4 54. hxg6 hxg6 55. Rxf4 Bxf4 56. Bxa5 Be5 57. f7+ Kf8 58. Bd8 c4 59.
Bg5 c3 60. Kg4 c2 61. Bc1 Bc7 62. Ba3+ Kg7 63. f8=Q+ Kh7 64. Bb2 1-0

[Event "Sonderjysk EMT Mesterklassen 2015"]
[Site "Vojens"]
[Date "2015.05.09"]
[Round "2"]
[White "Murtuzov, Mubariz"]
[Black "Murtuzov, Rauf"]
[Result "0-1"]
[WhiteElo "2007"]
[BlackElo "2107"]
[PlyCount "108"]
[EventDate "2015.??.??"]

1. e4 c6 2. d4 d5 3. exd5 cxd5 4. c4 Nf6 5. Nc3 g6 6. cxd5 Bg7 7. Qb3 O-O 8.
Nge2 Na6 9. g3 Qb6 10. Bg2 Qxb3 11. axb3 Nb4 12. O-O Rd8 13. Nf4 Nc2 14. Ra4
Bd7 15. Rc4 Ne8 16. Nfe2 Nd6 17. Rc7 Nxd4 18. Bg5 Nxe2+ 19. Nxe2 Kf8 20. Re1 h6
21. Be3 Rac8 22. Rec1 Bxb2 23. Rxc8 Rxc8 24. Rxc8+ Bxc8 25. Bxa7 Bf5 26. Be3 h5
27. Bd4 Ba3 28. Be3 Nb5 29. Bd2 Ke8 30. h3 Bd6 31. Bf4 Bxf4 32. Nxf4 Kd7 33.
Kf1 Nd4 34. f3 Nxb3 35. g4 hxg4 36. fxg4 Bb1 37. h4 b5 38. Kf2 b4 39. Ke3 Kd6
40. Nd3 Bxd3 41. Kxd3 Nc5+ 42. Kc4 b3 43. Kc3 Ke5 44. h5 Kf6 45. Bf3 Kg5 46.
Bd1 Kh6 47. hxg6 fxg6 48. Kd4 b2 49. Bc2 Nd7 50. Kc3 Nf6 51. Kxb2 Nxd5 52. Bd3
Kg5 53. Be2 e5 54. Kc1 Kf4 0-1

[Event "Sonderjysk EMT Mesterklassen 2015"]
[Site "Vojens"]
[Date "2015.05.11"]
[Round "3"]
[White "Andersen, Helge"]
[Black "Murtuzov, Mubariz"]
[Result "0-1"]
[WhiteElo "1981"]
[BlackElo "2007"]
[PlyCount "70"]
[EventDate "2015.??.??"]

1. d4 Nf6 2. Nf3 g6 3. Bg5 Bg7 4. e3 O-O 5. Bd3 d5 6. Nbd2 c5 7. c3 Qb6 8. Qb3
Nc6 9. O-O Be6 10. dxc5 Qxc5 11. Nd4 Bd7 12. Qc2 e5 13. N4b3 Qb6 14. e4 Rac8
15. Qd1 Bg4 16. Qe1 d4 17. Nc4 Qc7 18. f4 h6 19. Bxf6 Bxf6 20. fxe5 Nxe5 21.
Nxe5 Bxe5 22. cxd4 Bxh2+ 23. Kh1 Qg3 24. Qxg3 Bxg3 25. e5 Rfd8 26. Rf6 Bxe5 27.
dxe5 Rxd3 28. Na5 Rc2 29. Nxb7 Rdd2 30. Nd6 Rxg2 31. Nxf7 Rh2+ 32. Kg1 Rcg2+
33. Kf1 Bh3 34. Nxh6+ Kg7 35. Rf3 Rh1# 0-1

[Event "Sonderjysk EMT Mesterklassen 2015"]
[Site "Vojens"]
[Date "2015.05.11"]
[Round "3"]
[White "Hermannsen, Allan Schmidt"]
[Black "Brautsch, Soren"]
[Result "1-0"]
[WhiteElo "2055"]
[BlackElo "2242"]
[PlyCount "75"]
[EventDate "2015.??.??"]

1. f4 d5 2. Nf3 Nc6 3. e3 Nf6 4. d4 Ne4 5. Bd3 Bg4 6. O-O e6 7. Nbd2 f5 8. c3
Be7 9. Qb3 Rb8 10. c4 Nxd2 11. Bxd2 O-O 12. Rac1 Kh8 13. Qa4 a6 14. a3 g5 15.
cxd5 exd5 16. fxg5 Bxg5 17. Nxg5 Qxg5 18. Qc2 Bh3 19. Rf2 Rg8 20. g3 Rbf8 21.
Bf1 Qh5 22. Bg2 Bxg2 23. Kxg2 Rg6 24. e4 dxe4 25. d5 Ne7 26. Qxc7 Nxd5 27. Qe5+
Nf6 28. Rxf5 Qe2+ 29. Rf2 Qb5 30. Rc5 Qb6 31. Bc3 Kg8 32. Qd4 Qe6 33. Re5 Qc6
34. Kg1 Rg7 35. Ref5 e3 36. Qxe3 Rg6 37. Qd4 Rg4 38. Qxg4+ 1-0

[Event "Sonderjysk EMT Mesterklassen 2015"]
[Site "Vojens"]
[Date "2015.05.11"]
[Round "3"]
[White "Kjaergaard Jensen, Jesper"]
[Black "Bjornskov, Kai Christian"]
[Result "0-1"]
[WhiteElo "2052"]
[BlackElo "2080"]
[PlyCount "180"]
[EventDate "2015.??.??"]

1. e4 c5 2. Nf3 d6 3. d4 cxd4 4. Nxd4 Nf6 5. Bd3 Nc6 6. Nxc6 bxc6 7. Qe2 e5 8.
c4 Be7 9. Bd2 O-O 10. Bc3 Nd7 11. Na3 Nc5 12. Rd1 Na4 13. Nb1 Nxc3 14. Nxc3 Qb6
15. O-O Rb8 16. Rd2 g6 17. Rc2 Be6 18. Kh1 Bg5 19. b3 Qc7 20. g3 f5 21. f3 Qf7
22. Qg2 Bd8 23. c5 d5 24. Rcc1 d4 25. Na4 Qc7 26. Qd2 f4 27. g4 Qa5 28. Qe2 Kg7
29. Kg2 Bg5 30. Rh1 Bxg4 31. h4 Bd8 32. Kf2 Bh5 33. Qc2 Rb7 34. a3 Bf6 35. Rh2
Rfb8 36. b4 Qd8 37. Rch1 a5 38. Nb6 axb4 39. axb4 Ra7 40. Qb3 Qe8 41. Ke2 Bd8
42. Nc4 Rba8 43. Bb1 Qf7 44. Qd3 Bf6 45. Kd1 Qb7 46. Rb2 Ra4 47. Nb6 Ra3 48.
Rb3 Rxb3 49. Qxb3 Ra1 50. Kc2 Qa6 51. Kb2 d3 52. Bxd3 Ra2+ 53. Kb1 Ra3 54. Bxa6
Rxb3+ 55. Kc2 Rxb4 56. Kc3 Rd4 57. Nc4 Bxf3 58. Bb7 Bxe4 59. Re1 Bd5 60. Nxe5
Re4 61. Rxe4 Bxe4 62. Kd4 Bd5 63. Bc8 Bxe5+ 64. Kxe5 f3 65. Bh3 f2 66. Bf1 Kf7
67. Kf4 Ke6 68. Kg3 Ke5 69. Kxf2 Kd4 70. Kg3 Kxc5 71. Kf4 Kd4 72. Kg5 c5 73.
Kh6 Bf3 74. Kxh7 Bh5 75. Kh6 c4 76. Kg5 c3 77. Be2 Bxe2 78. Kxg6 c2 79. h5 c1=Q
80. h6 Bd3+ 81. Kg7 Qg5+ 82. Kf8 Qxh6+ 83. Kg8 Qe6+ 84. Kf8 Qd7 85. Kg8 Ke5 86.
Kf8 Kf6 87. Kg8 Ke5 88. Kf8 Ke6 89. Kg8 Kf6 90. Kh8 Qh7# 0-1

[Event "Sonderjysk EMT Mesterklassen 2015"]
[Site "Vojens"]
[Date "2015.05.11"]
[Round "3"]
[White "Murtuzov, Rauf"]
[Black "Hye, Allan"]
[Result "0-1"]
[WhiteElo "2107"]
[BlackElo "1961"]
[PlyCount "100"]
[EventDate "2015.??.??"]

1. e4 c6 2. d4 d5 3. exd5 cxd5 4. c4 Nf6 5. Nc3 Nc6 6. Bg5 dxc4 7. d5 Ne5 8.
Qd4 h6 9. Qxe5 hxg5 10. Bxc4 Bd7 11. Nge2 Rc8 12. Bb3 Qb6 13. f3 g4 14. O-O-O
Rh5 15. Qd4 Qxd4 16. Nxd4 g6 17. Kb1 Bg7 18. f4 Rxc3 19. bxc3 Ne4 20. Rc1 Nxc3+
21. Rxc3 Bxd4 22. Rc7 g3 23. h4 b5 24. Re1 Kd8 25. Rcc1 Rxh4 26. Rf1 a5 27. Rf3
Bf2 28. Rf1 Rh5 29. d6 Rc5 30. R3xf2 gxf2 31. Rxf2 Bf5+ 32. Kb2 exd6 33. Bxf7
d5 34. g4 Be4 35. f5 gxf5 36. gxf5 Ke7 37. Bh5 Kf6 38. Bg6 d4 39. Rf4 Rc2+ 40.
Kb3 Re2 41. Rxe4 Rxe4 42. Kc2 Rf4 43. Kd3 Ke5 44. Be8 b4 45. Bd7 Rf3+ 46. Ke2
Ra3 47. Be6 a4 48. Kd2 Rc3 49. Bd7 b3 50. axb3 a3 0-1

[Event "Sonderjysk EMT Mesterklassen 2015"]
[Site "Vojens"]
[Date "2015.05.18"]
[Round "4"]
[White "Brautsch, Soren"]
[Black "Bjornskov, Kai Christian"]
[Result "1/2-1/2"]
[WhiteElo "2242"]
[BlackElo "2080"]
[PlyCount "43"]
[EventDate "2015.??.??"]

1. d4 Nf6 2. Nf3 g6 3. Nc3 Bg7 4. e4 d6 5. Be2 O-O 6. O-O c6 7. h3 Qc7 8. Be3
Nbd7 9. Qd2 b5 10. a3 Nb6 11. d5 a6 12. Bxb6 Qxb6 13. dxc6 Qxc6 14. e5 dxe5 15.
Nxe5 Qc7 16. Bf3 Bb7 17. Bxb7 Qxb7 18. Rad1 Qc7 19. Qe2 Rfd8 20. Rfe1 e6 21. f4
Rxd1 22. Rxd1 1/2-1/2

[Event "Sonderjysk EMT Mesterklassen 2015"]
[Site "Vojens"]
[Date "2015.05.18"]
[Round "4"]
[White "Hermannsen, Allan Schmidt"]
[Black "Murtuzov, Rauf"]
[Result "0-1"]
[WhiteElo "2055"]
[BlackElo "2107"]
[PlyCount "80"]
[EventDate "2015.??.??"]

1. e4 c6 2. d4 d5 3. e5 Bf5 4. Nf3 e6 5. Be2 Bg6 6. O-O Nh6 7. b3 Nf5 8. c4 Nd7
9. Nbd2 Nb6 10. Bb2 Rc8 11. Rc1 h5 12. Re1 Be7 13. h3 h4 14. Bc3 c5 15. dxc5
Bxc5 16. b4 d4 17. bxc5 dxc3 18. Ne4 Qxd1 19. Rexd1 Na4 20. Nd6+ Nxd6 21. cxd6
Kd7 22. Rd4 c2 23. Rd2 Nc3 24. Bf1 Nxa2 25. Rcxc2 Bxc2 26. Rxc2 Nb4 27. Rb2 a5
28. Nd4 f6 29. f4 fxe5 30. fxe5 Rh5 31. Nf3 Rc5 32. Kf2 Rcxe5 33. Nxe5+ Rxe5
34. Rd2 b6 35. Be2 a4 36. Bd1 a3 37. Ba4+ Kd8 38. Bb3 Ra5 39. Ba2 Nxa2 40. Rxa2
Kd7 0-1

[Event "Sonderjysk EMT Mesterklassen 2015"]
[Site "Vojens"]
[Date "2015.05.18"]
[Round "4"]
[White "Hye, Allan"]
[Black "Andersen, Helge"]
[Result "1/2-1/2"]
[WhiteElo "1961"]
[BlackElo "1981"]
[PlyCount "82"]
[EventDate "2015.??.??"]

1. d4 Nf6 2. Nf3 g6 3. Nc3 d5 4. Bf4 c6 5. e3 Bg7 6. Be2 Bg4 7. Ne5 Bxe2 8.
Qxe2 Nbd7 9. h4 e6 10. g4 Ne4 11. Nxe4 dxe4 12. Nc4 O-O 13. g5 b5 14. Nd2 e5
15. dxe5 Nxe5 16. Nxe4 Qd5 17. f3 Rfe8 18. Bxe5 Qxe5 19. c3 b4 20. Kf2 bxc3 21.
Nxc3 Rab8 22. Rac1 Qa5 23. Rc2 Re6 24. Qc4 Bxc3 25. Qxc3 Qxa2 26. h5 Qd5 27. h6
Qe5 28. Qxe5 Rxe5 29. f4 Reb5 30. Rxc6 Rxb2+ 31. Kf3 Kf8 32. Ra6 Ra8 33. Rha1
Rb7 34. R1a5 Rc7 35. f5 Rb7 36. Kf4 Re7 37. e4 Rb7 38. Ra4 Rc7 39. Ke5 Re8+ 40.
Kf4 Ree7 41. Rd4 Ke8 1/2-1/2

[Event "Sonderjysk EMT Mesterklassen 2015"]
[Site "Vojens"]
[Date "2015.05.18"]
[Round "4"]
[White "Murtuzov, Mubariz"]
[Black "Kjaergaard Jensen, Jesper"]
[Result "1-0"]
[WhiteElo "2007"]
[BlackElo "2052"]
[PlyCount "51"]
[EventDate "2015.??.??"]

1. e4 d5 2. exd5 Qxd5 3. Nc3 Qa5 4. d4 c6 5. Nf3 Nf6 6. h3 Bf5 7. g4 Be4 8. Bd2
Qb6 9. g5 Bxf3 10. Qxf3 Nfd7 11. d5 Ne5 12. Qe2 Nbd7 13. f4 Ng6 14. O-O-O h6
15. f5 Nge5 16. Bf4 Qc7 17. dxc6 bxc6 18. Rxd7 Qxd7 19. Qxe5 hxg5 20. Be3 f6
21. Qa5 e5 22. Bc4 Qxf5 23. Rd1 Be7 24. Nb5 cxb5 25. Qxb5+ Kf8 26. Qd5 1-0

[Event "Sonderjysk EMT Mesterklassen 2015"]
[Site "Vojens"]
[Date "2015.06.01"]
[Round "5"]
[White "Andersen, Helge"]
[Black "Hermannsen, Allan Schmidt"]
[Result "0-1"]
[WhiteElo "1981"]
[BlackElo "2055"]
[PlyCount "60"]
[EventDate "2015.??.??"]

1. d4 f5 2. c4 Nf6 3. Nc3 g6 4. Nf3 Bg7 5. Bg5 c5 6. e3 Qa5 7. Bd3 Ne4 8. Qc2
Nxg5 9. Nxg5 cxd4 10. exd4 Bxd4 11. O-O O-O 12. Nd5 Qd8 13. h4 e6 14. Nf3 Bg7
15. Ne3 Nc6 16. a3 b6 17. Rad1 Qc7 18. c5 Bb7 19. cxb6 axb6 20. Bb5 Rac8 21.
Rd2 Qf4 22. Qb3 Ne5 23. Nxe5 Bxe5 24. Rfd1 Qh2+ 25. Kf1 f4 26. Rxd7 fxe3 27.
Qxe3 Bxg2+ 28. Ke1 Rc2 29. R1d2 Qg1+ 30. Ke2 Qf1# 0-1

[Event "Sonderjysk EMT Mesterklassen 2015"]
[Site "Vojens"]
[Date "2015.06.01"]
[Round "5"]
[White "Bjornskov, Kai Christian"]
[Black "Murtuzov, Mubariz"]
[Result "1/2-1/2"]
[WhiteElo "2080"]
[BlackElo "2007"]
[PlyCount "116"]
[EventDate "2015.??.??"]

1. d4 Nf6 2. c4 c5 3. d5 b5 4. cxb5 a6 5. bxa6 g6 6. Nc3 Bxa6 7. g3 d6 8. Bg2
Bg7 9. Nf3 Nbd7 10. O-O Nb6 11. Re1 O-O 12. e4 Nfd7 13. Bf1 Bxf1 14. Kxf1 Nc4
15. Qe2 Nce5 16. Nxe5 Nxe5 17. Bf4 Qa5 18. Rac1 Rfb8 19. Rc2 Rb4 20. b3 Qa6 21.
Qxa6 Rxa6 22. Bxe5 Bxe5 23. Nd1 e6 24. dxe6 fxe6 25. f3 Bd4 26. Nf2 Ra3 27. Nd3
Rb5 28. Nf4 Kf7 29. Ree2 Ke7 30. Nd3 Kd7 31. f4 Kd8 32. Kg2 Rba5 33. Kf3 Kd7
34. g4 Ra8 35. e5 c4 36. Rxc4 dxe5 37. fxe5 Bb6 38. Rcc2 g5 39. Kg2 R8a5 40.
Nb4 Ke8 41. Nc6 Rd5 42. Kf3 Ra8 43. Red2 Kd7 44. Nb4 Rf8+ 45. Kg3 Rxd2 46.
Rxd2+ Kc7 47. Nc2 Rf4 48. Re2 Kc6 49. b4 Kd5 50. a4 Bc7 51. h4 h6 52. hxg5 hxg5
53. a5 Rf8 54. a6 Kc4 55. Re4+ Kd3 56. Rd4+ Ke2 57. Re4+ Kd3 58. Rd4+ Ke2
1/2-1/2

[Event "Sonderjysk EMT Mesterklassen 2015"]
[Site "Vojens"]
[Date "2015.06.01"]
[Round "5"]
[White "Kjaergaard Jensen, Jesper"]
[Black "Hye, Allan"]
[Result "1-0"]
[WhiteElo "2052"]
[BlackElo "1961"]
[PlyCount "31"]
[EventDate "2015.??.??"]

1. g4 d5 2. Bg2 Bxg4 3. c4 c6 4. cxd5 Nf6 5. dxc6 Nxc6 6. Nc3 a6 7. Bxc6+ bxc6
8. f3 Bh5 9. d4 e6 10. Nh3 Nd5 11. O-O Qh4 12. Kg2 g5 13. Nxd5 exd5 14. Qc2 Ra7
15. Qxc6+ Rd7 16. Bxg5 1-0

[Event "Sonderjysk EMT Mesterklassen 2015"]
[Site "Vojens"]
[Date "2015.06.01"]
[Round "5"]
[White "Murtuzov, Rauf"]
[Black "Brautsch, Soren"]
[Result "0-1"]
[WhiteElo "2107"]
[BlackElo "2242"]
[PlyCount "64"]
[EventDate "2015.??.??"]

1. e4 e5 2. Nf3 Nf6 3. Nxe5 Nxe4 4. Qe2 Qe7 5. Qxe4 d6 6. d4 dxe5 7. dxe5 Nc6
8. f4 Bg4 9. Be2 Bxe2 10. Qxe2 O-O-O 11. c3 Qh4+ 12. g3 Qh3 13. Be3 f6 14. exf6
gxf6 15. Kf2 Re8 16. Qf3 Bh6 17. g4 Rxe3 18. Kxe3 Bxf4+ 19. Kxf4 Qh4 20. Qg3
Qg5+ 21. Kf3 Qd5+ 22. Kf2 Qxh1 23. Qg2 Qc1 24. Kg3 Re8 25. Qf2 Kb8 26. Qd2 Qg1+
27. Kh3 h5 28. gxh5 Re5 29. Qg2 Re3+ 30. Qg3 Rxg3+ 31. hxg3 Ne5 32. Nd2 Qxa1
0-1

[Event "Sonderjysk EMT Mesterklassen 2015"]
[Site "Vojens"]
[Date "2015.06.08"]
[Round "6"]
[White "Brautsch, Soren"]
[Black "Murtuzov, Mubariz"]
[Result "0-1"]
[WhiteElo "2242"]
[BlackElo "2007"]
[PlyCount "121"]
[EventDate "2015.??.??"]

1. e4 e6 2. d4 d5 3. e5 c5 4. c3 Nc6 5. Nf3 Bd7 6. Bd3 b5 7. O-O Qb6 8. Qe2
cxd4 9. Nxd4 Nge7 10. Nxb5 Nxe5 11. Be3 Qb8 12. Bf4 N7g6 13. Bg3 f5 14. Nd4 Bd6
15. Bxf5 exf5 16. f4 O-O 17. fxe5 Bxe5 18. Bxe5 Nxe5 19. Nd2 Ng4 20. N2f3 Re8
21. Qd2 Qd6 22. Rae1 f4 23. h3 Ne3 24. Rf2 Qg6 25. Ne2 Qh6 26. Nfd4 g5 27. Nc2
Nxc2 28. Qxc2 Re3 29. Qd2 Rae8 30. Rd1 R8e5 31. Nd4 g4 32. Rdf1 f3 33. Nxf3
gxf3 34. Rxf3 Qb6 35. Rf8+ Kg7 36. R8f7+ Kg6 37. Rxd7 Re1+ 38. Qd4 Rxf1+ 39.
Kxf1 Qb5+ 40. Kg1 Re1+ 41. Kh2 Qxd7 42. Qd3+ Kf6 43. Qd4+ Re5 44. c4 Qf5 45.
cxd5 Qe4 46. Qd2 Rxd5 47. Qh6+ Kf7 48. Qc1 Qe5+ 49. Kh1 Qd6 50. Qc4 Kg7 51.
Qg4+ Qg6 52. Qe2 Qf6 53. Qg4+ Kf7 54. Qc4 Qe6 55. Qf4+ Qf5 56. Qc7+ Rd7 57.
Qc4+ Qd5 58. Qf4+ Ke8 59. Qa4 Qd1+ 60. Qxd1 Rxd1+ 61. Kh2 0-1

[Event "Sonderjysk EMT Mesterklassen 2015"]
[Site "Vojens"]
[Date "2015.06.08"]
[Round "6"]
[White "Hermannsen, Allan Schmidt"]
[Black "Kjaergaard Jensen, Jesper"]
[Result "1-0"]
[WhiteElo "2055"]
[BlackElo "2052"]
[PlyCount "35"]
[EventDate "2015.??.??"]

1. e4 c5 2. Nf3 d6 3. d4 cxd4 4. Nxd4 Nf6 5. Nc3 g6 6. f3 Bg7 7. Be3 O-O 8. Qd2
Nc6 9. Bc4 Bd7 10. O-O-O Rc8 11. Bb3 Na5 12. Kb1 Nc4 13. Bxc4 Rxc4 14. h4 a6
15. h5 g5 16. h6 Bh8 17. Nde2 g4 18. Bb6 1-0

[Event "Sonderjysk EMT Mesterklassen 2015"]
[Site "Vojens"]
[Date "2015.06.08"]
[Round "6"]
[White "Hye, Allan"]
[Black "Bjornskov, Kai Christian"]
[Result "1-0"]
[WhiteElo "1961"]
[BlackElo "2080"]
[PlyCount "115"]
[EventDate "2015.??.??"]

1. Nf3 Nf6 2. d4 g6 3. c4 Bg7 4. Nc3 O-O 5. Bg5 d6 6. e3 c6 7. Be2 Nbd7 8. Qc2
a6 9. O-O Qc7 10. Rac1 Re8 11. Rfd1 Nf8 12. b4 e5 13. dxe5 dxe5 14. c5 Bf5 15.
Qb3 Rad8 16. Nd2 h6 17. Bh4 Be6 18. Bc4 Rd7 19. Bxe6 Nxe6 20. Nc4 Nd5 21. Nxd5
Rxd5 22. Rxd5 cxd5 23. Nd6 Rb8 24. Qxd5 b6 25. h3 bxc5 26. bxc5 Rb4 27. Bg3 Rb2
28. Bxe5 Bxe5 29. Qxe5 Rb5 30. Qd5 Rxc5 31. Qa8+ Kh7 32. Rxc5 Qxc5 33. Qxa6 Nc7
34. Qd3 Ne6 35. Nxf7 Qc1+ 36. Kh2 Qc7+ 37. Nd6 Nc5 38. Qd5 Ne4 39. Qf7+ Qxf7
40. Nxf7 Kg7 41. Nd8 Nxf2 42. Kg3 Nd1 43. Kf4 Nc3 44. a3 Kf6 45. Nb7 Ke6 46.
Nc5+ Kd5 47. Nd7 Ke6 48. Nb6 Kd6 49. Nc4+ Ke6 50. e4 Na4 51. Ke3 Nc5 52. e5 Kd5
53. Nb2 Nd7 54. Nd3 Nb6 55. Kf4 Kd4 56. Nb4 Nc4 57. e6 Nd6 58. h4 1-0

[Event "Sonderjysk EMT Mesterklassen 2015"]
[Site "Vojens"]
[Date "2015.06.08"]
[Round "6"]
[White "Murtuzov, Rauf"]
[Black "Andersen, Helge"]
[Result "1-0"]
[WhiteElo "2107"]
[BlackElo "1981"]
[PlyCount "91"]
[EventDate "2015.??.??"]

1. e4 c5 2. d4 cxd4 3. c3 dxc3 4. Nxc3 Nc6 5. Nf3 d6 6. Bc4 e6 7. O-O Be7 8.
Bf4 a6 9. Qe2 Nf6 10. Rfd1 Qc7 11. e5 dxe5 12. Nxe5 Nxe5 13. Bxe5 Qa5 14. a3 b5
15. Qf3 Ra7 16. b4 Qb6 17. Bd4 Qc7 18. Bxb5+ Kf8 19. Bxa7 Qxa7 20. Bc6 g6 21.
b5 axb5 22. Nxb5 Qa5 23. Qc3 Qxc3 24. Nxc3 Kg7 25. a4 Ba6 26. Rab1 Rc8 27. Rb6
Bc4 28. Bf3 Bc5 29. Rc6 Rxc6 30. Bxc6 Bb3 31. Rb1 Bc4 32. a5 Bd3 33. Rd1 Bc4
34. Bb5 Bxb5 35. Nxb5 Nd5 36. a6 f5 37. a7 Bxa7 38. Nxa7 Kf6 39. Nc6 Nc3 40.
Rd7 h5 41. f3 g5 42. Kf2 g4 43. f4 h4 44. Ne5 g3+ 45. Kf3 gxh2 46. Rf7# 1-0

[Event "Sonderjysk EMT Mesterklassen 2015"]
[Site "Vojens"]
[Date "2015.06.13"]
[Round "7"]
[White "Andersen, Helge"]
[Black "Brautsch, Soren"]
[Result "0-1"]
[WhiteElo "1981"]
[BlackElo "2242"]
[PlyCount "124"]
[EventDate "2015.??.??"]

1. d4 d5 2. Nf3 Nc6 3. Bg5 Bg4 4. e3 f6 5. Bh4 e6 6. c4 e5 7. cxd5 Qxd5 8. Nc3
Bb4 9. Be2 exd4 10. exd4 O-O-O 11. O-O Qa5 12. Qb3 Bxf3 13. Bxf3 Nxd4 14. Qf7
Nh6 15. Qc4 Nxf3+ 16. gxf3 Bxc3 17. bxc3 Qd5 18. Qe4 g5 19. Bg3 f5 20. Qxd5
Rxd5 21. f4 Nf7 22. Rfe1 Rg8 23. Re7 Rd7 24. Rxd7 Kxd7 25. Rd1+ Kc6 26. Rd4 g4
27. Rc4+ Kd7 28. f3 gxf3 29. Kf2 Nd6 30. Rd4 Ke6 31. Kxf3 c5 32. Rd1 Ne4 33. c4
Rg7 34. Rd5 Rd7 35. Re5+ Kf6 36. Bh4+ Kg6 37. Re6+ Kh5 38. Be7 Rd3+ 39. Ke2 Rc3
40. Bf8 Kg4 41. Re7 Rh3 42. Rxb7 Kxf4 43. Rxa7 Rxh2+ 44. Ke1 Ke3 45. Ra3+ Kd4
46. Rf3 Rh5 47. a4 Kxc4 48. a5 Rh1+ 49. Ke2 Ra1 50. Bxc5 Nxc5 51. Rxf5 Rxa5 52.
Kf3 Ra7 53. Kg4 Kd4 54. Kh5 Ne6 55. Kh6 Ke4 56. Rf1 Nd4 57. Re1+ Kf5 58. Rf1+
Ke5 59. Re1+ Kf6 60. Rf1+ Nf5+ 61. Kh5 Rg7 62. Rg1 Rg6 0-1